The new prescription drug reference guide / (Record no. 21320)
[ view plain ]
| 000 -LEADER | |
|---|---|
| fixed length control field | 00620nam a2200205 a 4500 |
| 005 - DATE AND TIME OF LATEST TRANSACTION | |
| control field | 20140310183318.0 |
| 008 - FIXED-LENGTH DATA ELEMENTS--GENERAL INFORMATION | |
| fixed length control field | 051202s19uu xx 00 eng d |
| 020 ## - INTERNATIONAL STANDARD BOOK NUMBER | |
| International Standard Book Number | 1561736015 |
| 050 ## - LIBRARY OF CONGRESS CALL NUMBER | |
| Classification number | RM 301.15 |
| Item number | .N532 1993 |
| 245 ## - TITLE STATEMENT | |
| Title | The new prescription drug reference guide / |
| 260 ## - PUBLICATION, DISTRIBUTION, ETC. (IMPRINT) | |
| Place of publication, distribution, etc | Illinois : |
| Name of publisher, distributor, etc | Publications International, Ltd, |
| Date of publication, distribution, etc | 1993. |
| 300 ## - PHYSICAL DESCRIPTION | |
| Extent | 448 p. : |
| Other physical details | ill. (some col.) ; |
| Dimensions | 28 cm. |
| 650 ## - SUBJECT ADDED ENTRY--TOPICAL TERM | |
| Topical term or geographic name as entry element | Drugs |
| General subdivision | Dictionaries. |
| 650 ## - SUBJECT ADDED ENTRY--TOPICAL TERM | |
| Topical term or geographic name as entry element | Drugs |
| General subdivision | Trademarks |
| -- | Dictionaries. |
| 650 ## - SUBJECT ADDED ENTRY--TOPICAL TERM | |
| Topical term or geographic name as entry element | Drug Interactions |
| General subdivision | Handbooks. |
| 650 ## - SUBJECT ADDED ENTRY--TOPICAL TERM | |
| Topical term or geographic name as entry element | Drugs |
| General subdivision | Handbooks. |
| 942 ## - ADDED ENTRY ELEMENTS (KOHA) | |
| Koha item type | Books |
| Source of classification or shelving scheme | Library of Congress Classification |
| Withdrawn status | Lost status | Source of classification or shelving scheme | Damaged status | Home library | Current library | Shelving location | Date acquired | Total Checkouts | Full call number | Barcode | Date last seen | Copy number | Price effective from | Koha item type |
|---|---|---|---|---|---|---|---|---|---|---|---|---|---|---|
| Library of Congress Classification | College Library | College Library | Reference Section | 02/18/2011 | RM 301.15 .N532 1993 | C12134 | 05/15/2018 | 1 | 10/10/2013 | Books | ||||
| Library of Congress Classification | College Library | College Library | Reference Section | 10/25/2013 | RM 301.15 .N532 1993 | C6569 | 05/15/2018 | 2 | 10/25/2013 | Books |